000 00337nab a22001097u 4500
008 130520b1983 xxu||||| |||| 00| 0 spa d
041 _aspa
100 1 _aWeiler, Anton G.
_924391
245 0 0 _aSobre las causas de la indiferencia religiosa
_cAnton G. Weiler
773 0 _tConcilium
_gV.2,1983,págs.182-200
_x0210-1041
_wRev134
942 _cAR
999 _c354999
_d354999